000 00509nam a2200157 4500
001 144237
003 ES-MaACL
005 20230906200955.0
007 t|
008 070214s1956 sp r ||||1| spa d
245 0 0 _aSindicatos y Solidaridad Nacional
_b: (función social y económica) /
_cEloy Guerra Ballespín... [et al.].
260 _aMadrid :
_bEscuela Sindical,
_c1956 (
_fCanales)
300 _a316 p. ;
_c21 cm.
700 1 _aGuerra Ballespín, Eloy.
_960501
852 _aES-MaACL
_jC-11509
_bR.39501
999 _c144237
_d144237